Pedagogy of Physical Sciences: (Record no. 183688)

MARC details
000 -LEADER
fixed length control field 00663nam a22002177a 4500
005 - DATE AND TIME OF LATEST TRANSACTION
control field 20211231115053.0
010 ## - LCCN (DPL NO)
LC control number ENG-130836
020 ## - INTERNATIONAL STANDARD BOOK NUMBER
International Standard Book Number 978-81-8180-424-2
Terms of availability 150.00
035 ## - SYSTEM CONTROL NUMBER
System control number EN-114368
037 ## - SOURCE OF ACQUISITION
Source of stock number/acquisition DBAD
082 ## - DEWEY DECIMAL CLASSIFICATION NUMBER
Classification number 500.2
100 ## - MAIN ENTRY--PERSONAL NAME
Personal name Ali, Sunkesula Mahamad
245 ## - TITLE STATEMENT
Title Pedagogy of Physical Sciences:
Statement of responsibility, etc Sunkesula Mahamad Ali, Muttu Vemula, Aderla Karunakar Reddy, G. Kumar
Remainder of title Gurukul Mains/
260 ## - PUBLICATION, DISTRIBUTION, ETC. (IMPRINT)
Place of publication, distribution, etc Hyderabad
Name of publisher, distributor, etc Telugu Akademi
Date of publication, distribution, etc 2017
270 ## - ADDRESS
City Hyderabad
Postal code 500029
300 ## - PHYSICAL DESCRIPTION
Extent 385p
Dimensions 27cm(pbk)
700 ## - ADDED ENTRY--PERSONAL NAME
Personal name Vemula, Muttu
700 ## - ADDED ENTRY--PERSONAL NAME
Personal name Reddy, Aderla Karunakar
700 ## - ADDED ENTRY--PERSONAL NAME
Personal name Kumar, G
942 ## - ADDED ENTRY ELEMENTS (KOHA)
Source of classification or shelving scheme Dewey Decimal Classification
Item type English Books
Classification part 500.2
Call number suffix ALI
Holdings
Withdrawn status Lost status Not for loan Collection code Home library Current library Date acquired Source of acquisition Cost, normal purchase price Full call number Barcode Copy number Cost, replacement price Koha item type
      Non-fiction Central Library Central Library 31/12/2021 DBAD/PUB 150.00 500.2 ALI EN-114368 1 150.00 English Books

© Delhi Public Library
Hit Counter
free hit counter